World Bank influence and institutional reform in Argentina /
En este artículo se analizan las reformas del gobierno en Argentina, específicamente en el sector judicial. Evidenciando como la participación del Banco Mundial afectó la naturaleza, el alcance y la profundidad de estas iniciativas, a través de tres dimensiones que han caracterizado el enfoque de la...
Guardado en:
| Autor principal: | |
|---|---|
| Formato: | Texto |
| Materias: | |
| Etiquetas: |
Agregar Etiqueta
Sin Etiquetas, Sea el primero en etiquetar este registro!
|
MARC
| LEADER | 00000 a a2200000 04500 | ||
|---|---|---|---|
| 001 | 41360 | ||
| 003 | |||
| 040 | |||
| 100 | |a Tuozzo, Maria F. | ||
| 245 | |a World Bank influence and institutional reform in Argentina / |c Maria F. Tuozzo | ||
| 500 | |a fertuzoo@yahoo.co.uk | ||
| 520 | |a En este artículo se analizan las reformas del gobierno en Argentina, específicamente en el sector judicial. Evidenciando como la participación del Banco Mundial afectó la naturaleza, el alcance y la profundidad de estas iniciativas, a través de tres dimensiones que han caracterizado el enfoque de la reforma institucional: impulsados por diseños para la reforma de los proyectos, por la confianza en los enfoques técnicos, y las formas restringidas de toma de decisiones en las iniciativas del proyecto. | ||
| 590 | |a SJB/FEBRERO2013 | ||
| 650 | |a REFORMA JUDICIAL | ||
| 650 | |a REFORMA ADMINISTRATIVA | ||
| 650 | |a REFORMA DEL ESTADO | ||
| 650 | |a ASPECTOS JURIDICOS | ||
| 650 | |a REFORMA | ||
| 650 | |a 6.ARGENTINA | ||
| 773 | |g volumen40, número3 (2009), páginas 467-485 | ||
| 999 | |c 22465 |d 22465 | ||
